| 000 | 01018nam a2200265 a 4500 | ||
|---|---|---|---|
| 001 | 000021673 | ||
| 005 | 20240513194009.0 | ||
| 008 | 100909s1998 mx ad r 000 0 spa d | ||
| 020 | _a9684442203 | ||
| 040 |
_aDO-SdBNP _bspa _cBNPHU |
||
| 082 |
_a005.74068 _bD232i |
||
| 100 | 1 |
_aDate, C. J. _945089 |
|
| 245 | 1 | 0 |
_aIntroducción a los sistemas de bases de datos / _cC. J. Date ; traducción Roberto Escalona García ; colaboración Américo Vargas Villazón , Adoración de Miguel Castaño. |
| 250 | _a5a ed. | ||
| 260 |
_aMéxico, D. F. : _bAddison Wesley Longman, _c1998. |
||
| 300 |
_av. 1 : _bil., diag. ; _c23 cm. |
||
| 500 | _aIncluye apéndice de abreviaturas y acrónimos. | ||
| 500 | _aIncluye índice de materias. | ||
| 500 | _aIncluye vocabulario técnico bilingüe. | ||
| 650 | 0 |
_aAdministración de bases de datos _947290 |
|
| 700 | 1 |
_aEscalona García, Roberto, _etr. _945091 |
|
| 700 | 1 |
_aVargas Villazón, Américo _945092 |
|
| 700 | 1 |
_aMiguel Castaño, Adoración de _945093 |
|
| 049 | _aBNGR | ||
| 999 |
_c21172 _d21172 |
||